| 000 | 00490nam a2200181Ia 4500 | ||
|---|---|---|---|
| 008 | 240729s9999 xx 000 0 und d | ||
| 022 | _a2198-9761 | ||
| 245 | 0 | _aSports Medicine - Open | |
| 260 | _aUnited Kingdom | ||
| 260 | _bSpringerOpen | ||
| 650 | _a Internal medicine | ||
| 650 | _a Special situations and conditions | ||
| 650 | _a Sports medicine | ||
| 650 | _aMedicine | ||
| 856 | _uhttps://doaj.org/toc/a9e961d5083941d8825c03e9c1d37783 | ||
| 942 | _2ddc | ||
| 942 | _cDOAJEJ | ||
| 999 |
_c74096 _d74096 |
||
| 945 |
_a1 _bMadushi Gamage _c1 _dMadushi Gamage |
||